郡から町村名 - Statistics

General Stats
  • This quiz has been taken 21 times
    4 since last reset
  • The average score is 701 of 926
Answer Stats
No 都道府県 町村 % Correct
1 北海道 石狩郡 当別町
100%
2 北海道 石狩郡 新篠津村
100%
3 北海道 松前郡 松前町
100%
4 北海道 松前郡 福島町
100%
5 北海道 上磯郡 知内町
100%
6 北海道 上磯郡 木古内町
100%
7 北海道 亀田郡 七飯町
100%
9 北海道 茅部郡 森町
100%
10 北海道 二海郡 八雲町
100%
11 北海道 山越郡 長万部町
100%
12 北海道 檜山郡 江差町
100%
14 北海道 檜山郡 厚沢部町
100%
16 北海道 奥尻郡 奥尻町
100%
18 北海道 久遠郡 せたな町
100%
19 北海道 島牧郡 島牧村
100%
20 北海道 寿都郡 寿都町
100%
21 北海道 寿都郡 黒松内町
100%
23 北海道 虻田郡 ニセコ町
100%
24 北海道 虻田郡 真狩村
100%
25 北海道 虻田郡 留寿都村
100%
26 北海道 虻田郡 喜茂別町
100%
28 北海道 虻田郡 倶知安町
100%
29 北海道 岩内郡 共和町
100%
30 北海道 岩内郡 岩内町
100%
31 北海道 古宇郡 泊村
100%
32 北海道 古宇郡 神恵内村
100%
33 北海道 積丹郡 積丹町
100%
34 北海道 古平郡 古平町
100%
35 北海道 余市郡 仁木町
100%
36 北海道 余市郡 余市町
100%
37 北海道 余市郡 赤井川村
100%
39 北海道 空知郡 奈井江町
100%
40 北海道 空知郡 上砂川町
100%
41 北海道 夕張郡 由仁町
100%
43 北海道 夕張郡 栗山町
100%
45 北海道 樺戸郡 浦臼町
100%
46 北海道 樺戸郡 新十津川町
100%
48 北海道 雨竜郡 秩父別町
100%
49 北海道 雨竜郡 雨竜町
100%
50 北海道 雨竜郡 北竜町
100%
51 北海道 雨竜郡 沼田町
100%
53 北海道 上川郡(石狩) 東神楽町
100%
56 北海道 上川郡(石狩) 愛別町
100%
57 北海道 上川郡(石狩) 上川町
100%
58 北海道 上川郡(石狩) 東川町
100%
59 北海道 上川郡(石狩) 美瑛町
100%
60 北海道 空知郡 上富良野町
100%
61 北海道 空知郡 中富良野町
100%
62 北海道 空知郡 南富良野町
100%
63 北海道 勇払郡 占冠村
100%
64 北海道 上川郡(天塩) 和寒町
100%
65 北海道 上川郡(天塩) 剣淵町
100%
66 北海道 上川郡(天塩) 下川町
100%
67 北海道 中川郡(天塩) 美深町
100%
68 北海道 中川郡(天塩) 音威子府村
100%
69 北海道 中川郡(天塩) 中川町
100%
71 北海道 増毛郡 増毛町
100%
72 北海道 留萌郡 小平町
100%
73 北海道 苫前郡 苫前町
100%
74 北海道 苫前郡 羽幌町
100%
75 北海道 苫前郡 初山別村
100%
76 北海道 天塩郡 遠別町
100%
77 北海道 天塩郡 天塩町
100%
78 北海道 宗谷郡 猿払村
100%
79 北海道 枝幸郡 浜頓別町
100%
80 北海道 枝幸郡 中頓別町
100%
81 北海道 枝幸郡 枝幸町
100%
82 北海道 天塩郡 豊富町
100%
83 北海道 天塩郡 幌延町
100%
84 北海道 礼文郡 礼文町
100%
85 北海道 利尻郡 利尻町
100%
86 北海道 利尻郡 利尻富士町
100%
87 北海道 網走郡 美幌町
100%
88 北海道 網走郡 津別町
100%
89 北海道 網走郡 大空町
100%
90 北海道 斜里郡 斜里町
100%
91 北海道 斜里郡 清里町
100%
92 北海道 斜里郡 小清水町
100%
93 北海道 常呂郡 訓子府町
100%
95 北海道 常呂郡 佐呂間町
100%
96 北海道 紋別郡 遠軽町
100%
101 北海道 紋別郡 雄武町
100%
102 北海道 虻田郡 豊浦町
100%
103 北海道 虻田郡 洞爺湖町
100%
105 北海道 白老郡 白老町
100%
106 北海道 勇払郡 厚真町
100%
107 北海道 勇払郡 安平町
100%
108 北海道 勇払郡 むかわ町
100%
109 北海道 沙流郡 日高町
100%
111 北海道 新冠郡 新冠町
100%
112 北海道 浦河郡 浦河町
100%
113 北海道 様似郡 様似町
100%
114 北海道 幌泉郡 えりも町
100%
115 北海道 日高郡 新ひだか町
100%
117 北海道 河東郡 士幌町
100%
118 北海道 河東郡 上士幌町
100%
120 北海道 上川郡(十勝) 新得町
100%
121 北海道 上川郡(十勝) 清水町
100%
122 北海道 河西郡 芽室町
100%
123 北海道 河西郡 中札内村
100%
124 北海道 河西郡 更別村
100%
125 北海道 広尾郡 大樹町
100%
126 北海道 広尾郡 広尾町
100%
127 北海道 中川郡(十勝) 幕別町
100%
128 北海道 中川郡(十勝) 池田町
100%
129 北海道 中川郡(十勝) 豊頃町
100%
130 北海道 中川郡(十勝) 本別町
100%
131 北海道 足寄郡 足寄町
100%
132 北海道 足寄郡 陸別町
100%
133 北海道 十勝郡 浦幌町
100%
134 北海道 釧路郡 釧路町
100%
135 北海道 厚岸郡 厚岸町
100%
136 北海道 厚岸郡 浜中町
100%
137 北海道 川上郡 標茶町
100%
138 北海道 川上郡 弟子屈町
100%
140 北海道 白糠郡 白糠町
100%
141 北海道 野付郡 別海町
100%
142 北海道 標津郡 中標津町
100%
143 北海道 標津郡 標津町
100%
144 北海道 目梨郡 羅臼町
100%
146 青森県 東津軽郡 今別町
100%
148 青森県 東津軽郡 外ヶ浜町
100%
149 青森県 西津軽郡 鰺ヶ沢町
100%
150 青森県 西津軽郡 深浦町
100%
151 青森県 中津軽郡 西目屋村
100%
152 青森県 南津軽郡 藤崎町
100%
156 青森県 北津軽郡 鶴田町
100%
158 青森県 上北郡 野辺地町
100%
159 青森県 上北郡 七戸町
100%
160 青森県 上北郡 六戸町
100%
161 青森県 上北郡 横浜町
100%
163 青森県 上北郡 六ヶ所村
100%
164 青森県 上北郡 おいらせ町
100%
165 青森県 下北郡 大間町
100%
166 青森県 下北郡 東通村
100%
168 青森県 下北郡 佐井村
100%
169 青森県 三戸郡 三戸町
100%
170 青森県 三戸郡 五戸町
100%
171 青森県 三戸郡 田子町
100%
172 青森県 三戸郡 南部町
100%
173 青森県 三戸郡 階上町
100%
175 岩手県 岩手郡 雫石町
100%
177 岩手県 岩手郡 岩手町
100%
178 岩手県 紫波郡 紫波町
100%
180 岩手県 和賀郡 西和賀町
100%
182 岩手県 西磐井郡 平泉町
100%
185 岩手県 下閉伊郡 山田町
100%
186 岩手県 下閉伊郡 岩泉町
100%
187 岩手県 下閉伊郡 田野畑村
100%
188 岩手県 下閉伊郡 普代村
100%
190 岩手県 九戸郡 野田村
100%
191 岩手県 九戸郡 九戸村
100%
192 岩手県 九戸郡 洋野町
100%
193 岩手県 二戸郡 一戸町
100%
196 宮城県 柴田郡 大河原町
100%
201 宮城県 亘理郡 亘理町
100%
202 宮城県 亘理郡 山元町
100%
203 宮城県 宮城郡 松島町
100%
205 宮城県 宮城郡 利府町
100%
206 宮城県 黒川郡 大和町
100%
208 宮城県 黒川郡 大衡村
100%
210 宮城県 加美郡 加美町
100%
213 宮城県 牡鹿郡 女川町
100%
214 宮城県 本吉郡 南三陸町
100%
219 秋田県 山本郡 八峰町
100%
221 秋田県 南秋田郡 八郎潟町
100%
223 秋田県 南秋田郡 大潟村
100%
226 秋田県 雄勝郡 東成瀬村
100%
233 山形県 北村山郡 大石田町
100%
235 山形県 最上郡 最上町
100%
236 山形県 最上郡 舟形町
100%
239 山形県 最上郡 鮭川村
100%
241 山形県 東置賜郡 高畠町
100%
242 山形県 東置賜郡 川西町
100%
243 山形県 西置賜郡 小国町
100%
247 山形県 東田川郡 庄内町
100%
248 山形県 飽海郡 遊佐町
100%
249 福島県 伊達郡 桑折町
100%
254 福島県 岩瀬郡 天栄村
100%
256 福島県 南会津郡 檜枝岐村
100%
257 福島県 南会津郡 只見町
100%
258 福島県 南会津郡 南会津町
100%
260 福島県 耶麻郡 西会津町
100%
262 福島県 耶麻郡 猪苗代町
100%
263 福島県 河沼郡 会津坂下町
100%
265 福島県 河沼郡 柳津町
100%
268 福島県 大沼郡 昭和村
100%
269 福島県 大沼郡 会津美里町
100%
270 福島県 西白河郡 西郷村
100%
276 福島県 東白川郡 塙町
100%
277 福島県 東白川郡 鮫川村
100%
278 福島県 石川郡 石川町
100%
286 福島県 双葉郡 楢葉町
100%
287 福島県 双葉郡 富岡町
100%
289 福島県 双葉郡 大熊町
100%
290 福島県 双葉郡 双葉町
100%
291 福島県 双葉郡 浪江町
100%
292 福島県 双葉郡 葛尾村
100%
295 茨城県 東茨城郡 茨城町
100%
296 茨城県 東茨城郡 大洗町
100%
300 茨城県 稲敷郡 美浦村
100%
301 茨城県 稲敷郡 阿見町
100%
304 茨城県 猿島郡 五霞町
100%
306 茨城県 北相馬郡 利根町
100%
307 栃木県 河内郡 上三川町
100%
311 栃木県 芳賀郡 芳賀町
100%
314 栃木県 塩谷郡 塩谷町
100%
315 栃木県 塩谷郡 高根沢町
100%
316 栃木県 那須郡 那須町
100%
317 栃木県 那須郡 那珂川町
100%
322 群馬県 甘楽郡 下仁田町
100%
323 群馬県 甘楽郡 南牧村
100%
324 群馬県 甘楽郡 甘楽町
100%
325 群馬県 吾妻郡 中之条町
100%
328 群馬県 吾妻郡 草津町
100%
330 群馬県 吾妻郡 東吾妻町
100%
331 群馬県 利根郡 片品村
100%
333 群馬県 利根郡 昭和村
100%
334 群馬県 利根郡 みなかみ町
100%
344 埼玉県 入間郡 越生町
100%
345 埼玉県 比企郡 滑川町
100%
346 埼玉県 比企郡 嵐山町
100%
347 埼玉県 比企郡 小川町
100%
348 埼玉県 比企郡 川島町
100%
354 埼玉県 秩父郡 長瀞町
100%
356 埼玉県 秩父郡 東秩父村
100%
364 千葉県 印旛郡 酒々井町
100%
365 千葉県 印旛郡 栄町
100%
366 千葉県 香取郡 神崎町
100%
367 千葉県 香取郡 多古町
100%
368 千葉県 香取郡 東庄町
100%
369 千葉県 山武郡 九十九里町
100%
370 千葉県 山武郡 芝山町
100%
372 千葉県 長生郡 一宮町
100%
374 千葉県 長生郡 長生村
100%
377 千葉県 長生郡 長南町
100%
378 千葉県 夷隅郡 大多喜町
100%
380 千葉県 安房郡 鋸南町
100%
381 東京都 西多摩郡 瑞穂町
100%
382 東京都 西多摩郡 日の出町
100%
383 東京都 西多摩郡 檜原村
100%
384 東京都 西多摩郡 奥多摩町
100%
385 東京都 (なし) 大島町
100%
386 東京都 (なし) 利島村
100%
387 東京都 (なし) 新島村
100%
388 東京都 (なし) 神津島村
100%
389 東京都 (なし) 三宅村
100%
390 東京都 (なし) 御蔵島村
100%
391 東京都 (なし) 八丈町
100%
392 東京都 (なし) 青ヶ島村
100%
393 東京都 (なし) 小笠原村
100%
394 神奈川県 三浦郡 葉山町
100%
395 神奈川県 高座郡 寒川町
100%
396 神奈川県 中郡 大磯町
100%
397 神奈川県 中郡 二宮町
100%
399 神奈川県 足柄上郡 大井町
100%
400 神奈川県 足柄上郡 松田町
100%
402 神奈川県 足柄上郡 開成町
100%
403 神奈川県 足柄下郡 箱根町
100%
404 神奈川県 足柄下郡 真鶴町
100%
405 神奈川県 足柄下郡 湯河原町
100%
406 神奈川県 愛甲郡 愛川町
100%
407 神奈川県 愛甲郡 清川村
100%
408 新潟県 北蒲原郡 聖籠町
100%
409 新潟県 西蒲原郡 弥彦村
100%
411 新潟県 東蒲原郡 阿賀町
100%
413 新潟県 南魚沼郡 湯沢町
100%
414 新潟県 中魚沼郡 津南町
100%
415 新潟県 刈羽郡 刈羽村
100%
417 新潟県 岩船郡 粟島浦村
100%
418 富山県 中新川郡 舟橋村
100%
419 富山県 中新川郡 上市町
100%
420 富山県 中新川郡 立山町
100%
423 石川県 能美郡 川北町
100%
424 石川県 河北郡 津幡町
100%
425 石川県 河北郡 内灘町
100%
426 石川県 羽咋郡 志賀町
100%
427 石川県 羽咋郡 宝達志水町
100%
428 石川県 鹿島郡 中能登町
100%
429 石川県 鳳珠郡 穴水町
100%
430 石川県 鳳珠郡 能登町
100%
432 福井県 今立郡 池田町
100%
433 福井県 南条郡 南越前町
100%
434 福井県 丹生郡 越前町
100%
435 福井県 三方郡 美浜町
100%
436 福井県 大飯郡 高浜町
100%
437 福井県 大飯郡 おおい町
100%
438 福井県 三方上中郡 若狭町
100%
440 山梨県 南巨摩郡 早川町
100%
441 山梨県 南巨摩郡 身延町
100%
442 山梨県 南巨摩郡 南部町
100%
443 山梨県 南巨摩郡 富士川町
100%
444 山梨県 中巨摩郡 昭和町
100%
447 山梨県 南都留郡 忍野村
100%
448 山梨県 南都留郡 山中湖村
100%
449 山梨県 南都留郡 鳴沢村
100%
450 山梨県 南都留郡 富士河口湖町
100%
451 山梨県 北都留郡 小菅村
100%
452 山梨県 北都留郡 丹波山村
100%
453 長野県 南佐久郡 小海町
100%
454 長野県 南佐久郡 川上村
100%
455 長野県 南佐久郡 南牧村
100%
456 長野県 南佐久郡 南相木村
100%
457 長野県 南佐久郡 北相木村
100%
458 長野県 南佐久郡 佐久穂町
100%
460 長野県 北佐久郡 御代田町
100%
462 長野県 小県郡 青木村
100%
464 長野県 諏訪郡 下諏訪町
100%
466 長野県 諏訪郡 原村
100%
470 長野県 上伊那郡 南箕輪村
100%
476 長野県 下伊那郡 阿智村
100%
477 長野県 下伊那郡 平谷村
100%
478 長野県 下伊那郡 根羽村
100%
480 長野県 下伊那郡 売木村
100%
481 長野県 下伊那郡 天龍村
100%
483 長野県 下伊那郡 喬木村
100%
484 長野県 下伊那郡 豊丘村
100%
486 長野県 木曽郡 上松町
100%
487 長野県 木曽郡 南木曽町
100%
488 長野県 木曽郡 木祖村
100%
489 長野県 木曽郡 王滝村
100%
490 長野県 木曽郡 大桑村
100%
491 長野県 木曽郡 木曽町
100%
493 長野県 東筑摩郡 生坂村
100%
496 長野県 東筑摩郡 筑北村
100%
497 長野県 北安曇郡 池田町
100%
499 長野県 北安曇郡 白馬村
100%
500 長野県 北安曇郡 小谷村
100%
502 長野県 上高井郡 小布施町
100%
506 長野県 下高井郡 野沢温泉村
100%
507 長野県 上水内郡 信濃町
100%
511 岐阜県 羽島郡 岐南町
100%
513 岐阜県 養老郡 養老町
100%
514 岐阜県 不破郡 垂井町
100%
515 岐阜県 不破郡 関ケ原町
100%
516 岐阜県 安八郡 神戸町
100%
518 岐阜県 安八郡 安八町
100%
519 岐阜県 揖斐郡 揖斐川町
100%
521 岐阜県 揖斐郡 池田町
100%
527 岐阜県 加茂郡 八百津町
100%
528 岐阜県 加茂郡 白川町
100%
529 岐阜県 加茂郡 東白川村
100%
530 岐阜県 可児郡 御嵩町
100%
531 岐阜県 大野郡 白川村
100%
532 静岡県 賀茂郡 東伊豆町
100%
533 静岡県 賀茂郡 河津町
100%
534 静岡県 賀茂郡 南伊豆町
100%
536 静岡県 賀茂郡 西伊豆町
100%
537 静岡県 田方郡 函南町
100%
538 静岡県 駿東郡 清水町
100%
539 静岡県 駿東郡 長泉町
100%
541 静岡県 榛原郡 吉田町
100%
542 静岡県 榛原郡 川根本町
100%
543 静岡県 周智郡 森町
100%
547 愛知県 丹羽郡 扶桑町
100%
549 愛知県 海部郡 蟹江町
100%
550 愛知県 海部郡 飛島村
100%
551 愛知県 知多郡 阿久比町
100%
552 愛知県 知多郡 東浦町
100%
553 愛知県 知多郡 南知多町
100%
554 愛知県 知多郡 美浜町
100%
555 愛知県 知多郡 武豊町
100%
556 愛知県 額田郡 幸田町
100%
557 愛知県 北設楽郡 設楽町
100%
558 愛知県 北設楽郡 東栄町
100%
559 愛知県 北設楽郡 豊根村
100%
560 三重県 桑名郡 木曽岬町
100%
561 三重県 員弁郡 東員町
100%
564 三重県 三重郡 川越町
100%
565 三重県 多気郡 多気町
100%
569 三重県 度会郡 度会町
100%
571 三重県 度会郡 南伊勢町
100%
572 三重県 北牟婁郡 紀北町
100%
575 滋賀県 蒲生郡 日野町
100%
577 滋賀県 愛知郡 愛荘町
100%
581 京都府 乙訓郡 大山崎町
100%
582 京都府 久世郡 久御山町
100%
583 京都府 綴喜郡 井手町
100%
584 京都府 綴喜郡 宇治田原町
100%
585 京都府 相楽郡 笠置町
100%
587 京都府 相楽郡 精華町
100%
588 京都府 相楽郡 南山城村
100%
589 京都府 船井郡 京丹波町
100%
590 京都府 与謝郡 伊根町
100%
591 京都府 与謝郡 与謝野町
100%
594 大阪府 豊能郡 能勢町
100%
595 大阪府 泉北郡 忠岡町
100%
597 大阪府 泉南郡 田尻町
100%
598 大阪府 泉南郡 岬町
100%
601 大阪府 南河内郡 千早赤阪村
100%
602 兵庫県 川辺郡 猪名川町
100%
605 兵庫県 加古郡 播磨町
100%
606 兵庫県 神崎郡 市川町
100%
610 兵庫県 赤穂郡 上郡町
100%
611 兵庫県 佐用郡 佐用町
100%
612 兵庫県 美方郡 香美町
100%
613 兵庫県 美方郡 新温泉町
100%
615 奈良県 生駒郡 平群町
100%
616 奈良県 生駒郡 三郷町
100%
617 奈良県 生駒郡 斑鳩町
100%
618 奈良県 生駒郡 安堵町
100%
619 奈良県 磯城郡 川西町
100%
622 奈良県 宇陀郡 曽爾村
100%
625 奈良県 高市郡 明日香村
100%
627 奈良県 北葛城郡 王寺町
100%
630 奈良県 吉野郡 吉野町
100%
631 奈良県 吉野郡 大淀町
100%
633 奈良県 吉野郡 黒滝村
100%
635 奈良県 吉野郡 野迫川村
100%
636 奈良県 吉野郡 十津川村
100%
637 奈良県 吉野郡 下北山村
100%
638 奈良県 吉野郡 上北山村
100%
639 奈良県 吉野郡 川上村
100%
640 奈良県 吉野郡 東吉野村
100%
641 和歌山県 海草郡 紀美野町
100%
642 和歌山県 伊都郡 かつらぎ町
100%
643 和歌山県 伊都郡 九度山町
100%
645 和歌山県 有田郡 湯浅町
100%
647 和歌山県 有田郡 有田川町
100%
648 和歌山県 日高郡 美浜町
100%
649 和歌山県 日高郡 日高町
100%
650 和歌山県 日高郡 由良町
100%
652 和歌山県 日高郡 みなべ町
100%
653 和歌山県 日高郡 日高川町
100%
654 和歌山県 西牟婁郡 白浜町
100%
655 和歌山県 西牟婁郡 上富田町
100%
656 和歌山県 西牟婁郡 すさみ町
100%
657 和歌山県 東牟婁郡 那智勝浦町
100%
659 和歌山県 東牟婁郡 古座川町
100%
660 和歌山県 東牟婁郡 北山村
100%
661 和歌山県 東牟婁郡 串本町
100%
663 鳥取県 八頭郡 若桜町
100%
664 鳥取県 八頭郡 智頭町
100%
665 鳥取県 八頭郡 八頭町
100%
667 鳥取県 東伯郡 湯梨浜町
100%
670 鳥取県 西伯郡 日吉津村
100%
671 鳥取県 西伯郡 大山町
100%
672 鳥取県 西伯郡 南部町
100%
673 鳥取県 西伯郡 伯耆町
100%
674 鳥取県 日野郡 日南町
100%
675 鳥取県 日野郡 日野町
100%
678 島根県 飯石郡 飯南町
100%
682 島根県 鹿足郡 津和野町
100%
684 島根県 隠岐郡 海士町
100%
685 島根県 隠岐郡 西ノ島町
100%
686 島根県 隠岐郡 知夫村
100%
687 島根県 隠岐郡 隠岐の島町
100%
688 岡山県 和気郡 和気町
100%
692 岡山県 真庭郡 新庄村
100%
694 岡山県 勝田郡 勝央町
100%
695 岡山県 勝田郡 奈義町
100%
696 岡山県 英田郡 西粟倉村
100%
697 岡山県 久米郡 久米南町
100%
699 岡山県 加賀郡 吉備中央町
100%
700 広島県 安芸郡 府中町
100%
701 広島県 安芸郡 海田町
100%
703 広島県 安芸郡 坂町
100%
704 広島県 山県郡 安芸太田町
100%
705 広島県 山県郡 北広島町
100%
706 広島県 豊田郡 大崎上島町
100%
707 広島県 世羅郡 世羅町
100%
708 広島県 神石郡 神石高原町
100%
709 山口県 大島郡 周防大島町
100%
710 山口県 玖珂郡 和木町
100%
712 山口県 熊毛郡 田布施町
100%
714 山口県 阿武郡 阿武町
100%
715 徳島県 勝浦郡 勝浦町
100%
717 徳島県 名東郡 佐那河内村
100%
718 徳島県 名西郡 石井町
100%
720 徳島県 那賀郡 那賀町
100%
721 徳島県 海部郡 牟岐町
100%
723 徳島県 海部郡 海陽町
100%
726 徳島県 板野郡 藍住町
100%
727 徳島県 板野郡 板野町
100%
728 徳島県 板野郡 上板町
100%
729 徳島県 美馬郡 つるぎ町
100%
730 徳島県 三好郡 東みよし町
100%
731 香川県 小豆郡 土庄町
100%
732 香川県 小豆郡 小豆島町
100%
733 香川県 木田郡 三木町
100%
734 香川県 香川郡 直島町
100%
735 香川県 綾歌郡 宇多津町
100%
736 香川県 綾歌郡 綾川町
100%
737 香川県 仲多度郡 琴平町
100%
738 香川県 仲多度郡 多度津町
100%
739 香川県 仲多度郡 まんのう町
100%
741 愛媛県 上浮穴郡 久万高原町
100%
742 愛媛県 伊予郡 松前町
100%
744 愛媛県 喜多郡 内子町
100%
747 愛媛県 北宇和郡 鬼北町
100%
748 愛媛県 南宇和郡 愛南町
100%
749 高知県 安芸郡 東洋町
100%
750 高知県 安芸郡 奈半利町
100%
754 高知県 安芸郡 馬路村
100%
755 高知県 安芸郡 芸西村
100%
758 高知県 土佐郡 土佐町
100%
759 高知県 土佐郡 大川村
100%
760 高知県 吾川郡 いの町
100%
762 高知県 高岡郡 中土佐町
100%
763 高知県 高岡郡 佐川町
100%
764 高知県 高岡郡 越知町
100%
765 高知県 高岡郡 梼原町
100%
768 高知県 高岡郡 四万十町
100%
769 高知県 幡多郡 大月町
100%
776 福岡県 糟屋郡 新宮町
100%
778 福岡県 糟屋郡 粕屋町
100%
782 福岡県 遠賀郡 遠賀町
100%
784 福岡県 鞍手郡 鞍手町
100%
798 福岡県 京都郡 苅田町
100%
799 福岡県 京都郡 みやこ町
100%
802 福岡県 築上郡 築上町
100%
803 佐賀県 神埼郡 吉野ヶ里町
100%
806 佐賀県 三養基郡 みやき町
100%
814 長崎県 西彼杵郡 時津町
100%
815 長崎県 東彼杵郡 東彼杵町
100%
818 長崎県 北松浦郡 小値賀町
100%
820 長崎県 南松浦郡 新上五島町
100%
828 熊本県 阿蘇郡 南小国町
100%
829 熊本県 阿蘇郡 小国町
100%
833 熊本県 阿蘇郡 南阿蘇村
100%
836 熊本県 上益城郡 益城町
100%
840 熊本県 葦北郡 芦北町
100%
849 熊本県 球磨郡 球磨村
100%
851 熊本県 天草郡 苓北町
100%
852 大分県 東国東郡 姫島村
100%
855 大分県 玖珠郡 玖珠町
100%
859 宮崎県 東諸県郡 綾町
100%
862 宮崎県 児湯郡 西米良村
100%
873 鹿児島県 鹿児島郡 三島村
100%
874 鹿児島県 鹿児島郡 十島村
100%
875 鹿児島県 薩摩郡 さつま町
100%
881 鹿児島県 肝属郡 南大隅町
100%
883 鹿児島県 熊毛郡 中種子町
100%
884 鹿児島県 熊毛郡 南種子町
100%
885 鹿児島県 熊毛郡 屋久島町
100%
886 鹿児島県 大島郡 大和村
100%
888 鹿児島県 大島郡 瀬戸内町
100%
890 鹿児島県 大島郡 喜界町
100%
891 鹿児島県 大島郡 徳之島町
100%
894 鹿児島県 大島郡 和泊町
100%
896 鹿児島県 大島郡 与論町
100%
897 沖縄県 国頭郡 国頭村
100%
898 沖縄県 国頭郡 大宜味村
100%
899 沖縄県 国頭郡 東村
100%
900 沖縄県 国頭郡 今帰仁村
100%
902 沖縄県 国頭郡 恩納村
100%
903 沖縄県 国頭郡 宜野座村
100%
906 沖縄県 中頭郡 読谷村
100%
907 沖縄県 中頭郡 嘉手納町
100%
908 沖縄県 中頭郡 北谷町
100%
909 沖縄県 中頭郡 北中城村
100%
910 沖縄県 中頭郡 中城村
100%
913 沖縄県 島尻郡 南風原町
100%
914 沖縄県 島尻郡 渡嘉敷村
100%
915 沖縄県 島尻郡 座間味村
100%
917 沖縄県 島尻郡 渡名喜村
100%
918 沖縄県 島尻郡 南大東村
100%
919 沖縄県 島尻郡 北大東村
100%
920 沖縄県 島尻郡 伊平屋村
100%
921 沖縄県 島尻郡 伊是名村
100%
922 沖縄県 島尻郡 久米島町
100%
923 沖縄県 島尻郡 八重瀬町
100%
924 沖縄県 宮古郡 多良間村
100%
925 沖縄県 八重山郡 竹富町
100%
926 沖縄県 八重山郡 与那国町
100%
8 北海道 茅部郡 鹿部町
50%
13 北海道 檜山郡 上ノ国町
50%
15 北海道 爾志郡 乙部町
50%
17 北海道 瀬棚郡 今金町
50%
22 北海道 磯谷郡 蘭越町
50%
27 北海道 虻田郡 京極町
50%
38 北海道 空知郡 南幌町
50%
42 北海道 夕張郡 長沼町
50%
44 北海道 樺戸郡 月形町
50%
47 北海道 雨竜郡 妹背牛町
50%
52 北海道 上川郡(石狩) 鷹栖町
50%
54 北海道 上川郡(石狩) 当麻町
50%
55 北海道 上川郡(石狩) 比布町
50%
70 北海道 雨竜郡 幌加内町
50%
94 北海道 常呂郡 置戸町
50%
97 北海道 紋別郡 湧別町
50%
98 北海道 紋別郡 滝上町
50%
99 北海道 紋別郡 興部町
50%
100 北海道 紋別郡 西興部村
50%
104 北海道 有珠郡 壮瞥町
50%
110 北海道 沙流郡 平取町
50%
116 北海道 河東郡 音更町
50%
119 北海道 河東郡 鹿追町
50%
139 北海道 阿寒郡 鶴居村
50%
147 青森県 東津軽郡 蓬田村
50%
153 青森県 南津軽郡 大鰐町
50%
154 青森県 南津軽郡 田舎館村
50%
155 青森県 北津軽郡 板柳町
50%
157 青森県 北津軽郡 中泊町
50%
162 青森県 上北郡 東北町
50%
167 青森県 下北郡 風間浦村
50%
174 青森県 三戸郡 新郷村
50%
176 岩手県 岩手郡 葛巻町
50%
179 岩手県 紫波郡 矢巾町
50%
181 岩手県 胆沢郡 金ケ崎町
50%
184 岩手県 上閉伊郡 大槌町
50%
194 宮城県 刈田郡 蔵王町
50%
195 宮城県 刈田郡 七ヶ宿町
50%
198 宮城県 柴田郡 柴田町
50%
200 宮城県 伊具郡 丸森町
50%
204 宮城県 宮城郡 七ヶ浜町
50%
212 宮城県 遠田郡 美里町
50%
216 秋田県 北秋田郡 上小阿仁村
50%
218 秋田県 山本郡 三種町
50%
220 秋田県 南秋田郡 五城目町
50%
222 秋田県 南秋田郡 井川町
50%
224 秋田県 仙北郡 美郷町
50%
225 秋田県 雄勝郡 羽後町
50%
227 山形県 東村山郡 山辺町
50%
228 山形県 東村山郡 中山町
50%
229 山形県 西村山郡 河北町
50%
231 山形県 西村山郡 朝日町
50%
232 山形県 西村山郡 大江町
50%
234 山形県 最上郡 金山町
50%
237 山形県 最上郡 真室川町
50%
238 山形県 最上郡 大蔵村
50%
240 山形県 最上郡 戸沢村
50%
246 山形県 東田川郡 三川町
50%
251 福島県 伊達郡 川俣町
50%
253 福島県 岩瀬郡 鏡石町
50%
255 福島県 南会津郡 下郷町
50%
259 福島県 耶麻郡 北塩原村
50%
261 福島県 耶麻郡 磐梯町
50%
266 福島県 大沼郡 三島町
50%
267 福島県 大沼郡 金山町
50%
273 福島県 西白河郡 矢吹町
50%
274 福島県 東白川郡 棚倉町
50%
275 福島県 東白川郡 矢祭町
50%
281 福島県 石川郡 浅川町
50%
283 福島県 田村郡 三春町
50%
285 福島県 双葉郡 広野町
50%
293 福島県 相馬郡 新地町
50%
294 福島県 相馬郡 飯舘村
50%
298 茨城県 那珂郡 東海村
50%
299 茨城県 久慈郡 大子町
50%
303 茨城県 結城郡 八千代町
50%
305 茨城県 猿島郡 境町
50%
308 栃木県 芳賀郡 益子町
50%
310 栃木県 芳賀郡 市貝町
50%
312 栃木県 下都賀郡 壬生町
50%
313 栃木県 下都賀郡 野木町
50%
318 群馬県 北群馬郡 榛東村
50%
320 群馬県 多野郡 上野村
50%
321 群馬県 多野郡 神流町
50%
326 群馬県 吾妻郡 長野原町
50%
327 群馬県 吾妻郡 嬬恋村
50%
329 群馬県 吾妻郡 高山村
50%
332 群馬県 利根郡 川場村
50%
336 群馬県 邑楽郡 板倉町
50%
337 群馬県 邑楽郡 明和町
50%
338 群馬県 邑楽郡 千代田町
50%
339 群馬県 邑楽郡 大泉町
50%
340 群馬県 邑楽郡 邑楽町
50%
341 埼玉県 北足立郡 伊奈町
50%
342 埼玉県 入間郡 三芳町
50%
351 埼玉県 比企郡 ときがわ町
50%
352 埼玉県 秩父郡 横瀬町
50%
355 埼玉県 秩父郡 小鹿野町
50%
357 埼玉県 児玉郡 美里町
50%
358 埼玉県 児玉郡 神川町
50%
359 埼玉県 児玉郡 上里町
50%
360 埼玉県 大里郡 寄居町
50%
362 埼玉県 北葛飾郡 杉戸町
50%
371 千葉県 山武郡 横芝光町
50%
373 千葉県 長生郡 睦沢町
50%
375 千葉県 長生郡 白子町
50%
376 千葉県 長生郡 長柄町
50%
379 千葉県 夷隅郡 御宿町
50%
398 神奈川県 足柄上郡 中井町
50%
401 神奈川県 足柄上郡 山北町
50%
412 新潟県 三島郡 出雲崎町
50%
416 新潟県 岩船郡 関川村
50%
421 富山県 下新川郡 入善町
50%
422 富山県 下新川郡 朝日町
50%
431 福井県 吉田郡 永平寺町
50%
439 山梨県 西八代郡 市川三郷町
50%
445 山梨県 南都留郡 道志村
50%
446 山梨県 南都留郡 西桂町
50%
459 長野県 北佐久郡 軽井沢町
50%
461 長野県 北佐久郡 立科町
50%
463 長野県 小県郡 長和町
50%
465 長野県 諏訪郡 富士見町
50%
467 長野県 上伊那郡 辰野町
50%
468 長野県 上伊那郡 箕輪町
50%
469 長野県 上伊那郡 飯島町
50%
471 長野県 上伊那郡 中川村
50%
472 長野県 上伊那郡 宮田村
50%
473 長野県 下伊那郡 松川町
50%
474 長野県 下伊那郡 高森町
50%
475 長野県 下伊那郡 阿南町
50%
479 長野県 下伊那郡 下條村
50%
482 長野県 下伊那郡 泰阜村
50%
485 長野県 下伊那郡 大鹿村
50%
492 長野県 東筑摩郡 麻績村
50%
494 長野県 東筑摩郡 山形村
50%
495 長野県 東筑摩郡 朝日村
50%
498 長野県 北安曇郡 松川村
50%
503 長野県 上高井郡 高山村
50%
504 長野県 下高井郡 山ノ内町
50%
505 長野県 下高井郡 木島平村
50%
508 長野県 上水内郡 小川村
50%
510 長野県 下水内郡 栄村
50%
512 岐阜県 羽島郡 笠松町
50%
517 岐阜県 安八郡 輪之内町
50%
520 岐阜県 揖斐郡 大野町
50%
522 岐阜県 本巣郡 北方町
50%
523 岐阜県 加茂郡 坂祝町
50%
524 岐阜県 加茂郡 富加町
50%
525 岐阜県 加茂郡 川辺町
50%
526 岐阜県 加茂郡 七宗町
50%
535 静岡県 賀茂郡 松崎町
50%
540 静岡県 駿東郡 小山町
50%
544 愛知県 愛知郡 東郷町
50%
545 愛知県 西春日井郡 豊山町
50%
546 愛知県 丹羽郡 大口町
50%
548 愛知県 海部郡 大治町
50%
562 三重県 三重郡 菰野町
50%
563 三重県 三重郡 朝日町
50%
566 三重県 多気郡 明和町
50%
567 三重県 多気郡 大台町
50%
568 三重県 度会郡 玉城町
50%
570 三重県 度会郡 大紀町
50%
573 三重県 南牟婁郡 御浜町
50%
574 三重県 南牟婁郡 紀宝町
50%
576 滋賀県 蒲生郡 竜王町
50%
578 滋賀県 犬上郡 豊郷町
50%
579 滋賀県 犬上郡 甲良町
50%
580 滋賀県 犬上郡 多賀町
50%
586 京都府 相楽郡 和束町
50%
592 大阪府 三島郡 島本町
50%
593 大阪府 豊能郡 豊能町
50%
596 大阪府 泉南郡 熊取町
50%
599 大阪府 南河内郡 太子町
50%
600 大阪府 南河内郡 河南町
50%
603 兵庫県 多可郡 多可町
50%
604 兵庫県 加古郡 稲美町
50%
607 兵庫県 神崎郡 福崎町
50%
608 兵庫県 神崎郡 神河町
50%
609 兵庫県 揖保郡 太子町
50%
614 奈良県 山辺郡 山添村
50%
620 奈良県 磯城郡 三宅町
50%
621 奈良県 磯城郡 田原本町
50%
623 奈良県 宇陀郡 御杖村
50%
624 奈良県 高市郡 高取町
50%
626 奈良県 北葛城郡 上牧町
50%
628 奈良県 北葛城郡 広陵町
50%
629 奈良県 北葛城郡 河合町
50%
632 奈良県 吉野郡 下市町
50%
634 奈良県 吉野郡 天川村
50%
644 和歌山県 伊都郡 高野町
50%
646 和歌山県 有田郡 広川町
50%
651 和歌山県 日高郡 印南町
50%
658 和歌山県 東牟婁郡 太地町
50%
662 鳥取県 岩美郡 岩美町
50%
666 鳥取県 東伯郡 三朝町
50%
668 鳥取県 東伯郡 琴浦町
50%
669 鳥取県 東伯郡 北栄町
50%
676 鳥取県 日野郡 江府町
50%
677 島根県 仁多郡 奥出雲町
50%
679 島根県 邑智郡 川本町
50%
680 島根県 邑智郡 美郷町
50%
681 島根県 邑智郡 邑南町
50%
683 島根県 鹿足郡 吉賀町
50%
689 岡山県 都窪郡 早島町
50%
690 岡山県 浅口郡 里庄町
50%
691 岡山県 小田郡 矢掛町
50%
693 岡山県 苫田郡 鏡野町
50%
698 岡山県 久米郡 美咲町
50%
702 広島県 安芸郡 熊野町
50%
711 山口県 熊毛郡 上関町
50%
713 山口県 熊毛郡 平生町
50%
716 徳島県 勝浦郡 上勝町
50%
719 徳島県 名西郡 神山町
50%
722 徳島県 海部郡 美波町
50%
724 徳島県 板野郡 松茂町
50%
725 徳島県 板野郡 北島町
50%
740 愛媛県 越智郡 上島町
50%
743 愛媛県 伊予郡 砥部町
50%
746 愛媛県 北宇和郡 松野町
50%
751 高知県 安芸郡 田野町
50%
752 高知県 安芸郡 安田町
50%
753 高知県 安芸郡 北川村
50%
756 高知県 長岡郡 本山町
50%
757 高知県 長岡郡 大豊町
50%
761 高知県 吾川郡 仁淀川町
50%
766 高知県 高岡郡 日高村
50%
767 高知県 高岡郡 津野町
50%
770 高知県 幡多郡 三原村
50%
771 高知県 幡多郡 黒潮町
50%
772 福岡県 糟屋郡 宇美町
50%
775 福岡県 糟屋郡 須恵町
50%
783 福岡県 鞍手郡 小竹町
50%
786 福岡県 朝倉郡 筑前町
50%
790 福岡県 八女郡 広川町
50%
804 佐賀県 三養基郡 基山町
50%
807 佐賀県 東松浦郡 玄海町
50%
810 佐賀県 杵島郡 江北町
50%
812 佐賀県 藤津郡 太良町
50%
817 長崎県 東彼杵郡 波佐見町
50%
821 熊本県 下益城郡 美里町
50%
825 熊本県 玉名郡 和水町
50%
826 熊本県 菊池郡 大津町
50%
827 熊本県 菊池郡 菊陽町
50%
831 熊本県 阿蘇郡 高森町
50%
835 熊本県 上益城郡 嘉島町
50%
838 熊本県 上益城郡 山都町
50%
841 熊本県 葦北郡 津奈木町
50%
843 熊本県 球磨郡 多良木町
50%
847 熊本県 球磨郡 五木村
50%
850 熊本県 球磨郡 あさぎり町
50%
854 大分県 玖珠郡 九重町
50%
856 宮崎県 北諸県郡 三股町
50%
860 宮崎県 児湯郡 高鍋町
50%
861 宮崎県 児湯郡 新富町
50%
865 宮崎県 児湯郡 都農町
50%
867 宮崎県 東臼杵郡 諸塚村
50%
868 宮崎県 東臼杵郡 椎葉村
50%
869 宮崎県 東臼杵郡 美郷町
50%
871 宮崎県 西臼杵郡 日之影町
50%
872 宮崎県 西臼杵郡 五ヶ瀬町
50%
876 鹿児島県 出水郡 長島町
50%
877 鹿児島県 姶良郡 湧水町
50%
879 鹿児島県 肝属郡 東串良町
50%
882 鹿児島県 肝属郡 肝付町
50%
887 鹿児島県 大島郡 宇検村
50%
889 鹿児島県 大島郡 龍郷町
50%
892 鹿児島県 大島郡 天城町
50%
895 鹿児島県 大島郡 知名町
50%
901 沖縄県 国頭郡 本部町
50%
905 沖縄県 国頭郡 伊江村
50%
912 沖縄県 島尻郡 与那原町
50%
916 沖縄県 島尻郡 粟国村
50%
145 青森県 東津軽郡 平内町
0%
183 岩手県 気仙郡 住田町
0%
189 岩手県 九戸郡 軽米町
0%
197 宮城県 柴田郡 村田町
0%
199 宮城県 柴田郡 川崎町
0%
207 宮城県 黒川郡 大郷町
0%
209 宮城県 加美郡 色麻町
0%
211 宮城県 遠田郡 涌谷町
0%
215 秋田県 鹿角郡 小坂町
0%
217 秋田県 山本郡 藤里町
0%
230 山形県 西村山郡 西川町
0%
244 山形県 西置賜郡 白鷹町
0%
245 山形県 西置賜郡 飯豊町
0%
250 福島県 伊達郡 国見町
0%
252 福島県 安達郡 大玉村
0%
264 福島県 河沼郡 湯川村
0%
271 福島県 西白河郡 泉崎村
0%
272 福島県 西白河郡 中島村
0%
279 福島県 石川郡 玉川村
0%
280 福島県 石川郡 平田村
0%
282 福島県 石川郡 古殿町
0%
284 福島県 田村郡 小野町
0%
288 福島県 双葉郡 川内村
0%
297 茨城県 東茨城郡 城里町
0%
302 茨城県 稲敷郡 河内町
0%
309 栃木県 芳賀郡 茂木町
0%
319 群馬県 北群馬郡 吉岡町
0%
335 群馬県 佐波郡 玉村町
0%
343 埼玉県 入間郡 毛呂山町
0%
349 埼玉県 比企郡 吉見町
0%
350 埼玉県 比企郡 鳩山町
0%
353 埼玉県 秩父郡 皆野町
0%
361 埼玉県 南埼玉郡 宮代町
0%
363 埼玉県 北葛飾郡 松伏町
0%
410 新潟県 南蒲原郡 田上町
0%
501 長野県 埴科郡 坂城町
0%
509 長野県 上水内郡 飯綱町
0%
745 愛媛県 西宇和郡 伊方町
0%
773 福岡県 糟屋郡 篠栗町
0%
774 福岡県 糟屋郡 志免町
0%
777 福岡県 糟屋郡 久山町
0%
779 福岡県 遠賀郡 芦屋町
0%
780 福岡県 遠賀郡 水巻町
0%
781 福岡県 遠賀郡 岡垣町
0%
785 福岡県 嘉穂郡 桂川町
0%
787 福岡県 朝倉郡 東峰村
0%
788 福岡県 三井郡 大刀洗町
0%
789 福岡県 三潴郡 大木町
0%
791 福岡県 田川郡 香春町
0%
792 福岡県 田川郡 添田町
0%
793 福岡県 田川郡 糸田町
0%
794 福岡県 田川郡 川崎町
0%
795 福岡県 田川郡 大任町
0%
796 福岡県 田川郡 赤村
0%
797 福岡県 田川郡 福智町
0%
800 福岡県 築上郡 吉富町
0%
801 福岡県 築上郡 上毛町
0%
805 佐賀県 三養基郡 上峰町
0%
808 佐賀県 西松浦郡 有田町
0%
809 佐賀県 杵島郡 大町町
0%
811 佐賀県 杵島郡 白石町
0%
813 長崎県 西彼杵郡 長与町
0%
816 長崎県 東彼杵郡 川棚町
0%
819 長崎県 北松浦郡 佐々町
0%
822 熊本県 玉名郡 玉東町
0%
823 熊本県 玉名郡 南関町
0%
824 熊本県 玉名郡 長洲町
0%
830 熊本県 阿蘇郡 産山村
0%
832 熊本県 阿蘇郡 西原村
0%
834 熊本県 上益城郡 御船町
0%
837 熊本県 上益城郡 甲佐町
0%
839 熊本県 八代郡 氷川町
0%
842 熊本県 球磨郡 錦町
0%
844 熊本県 球磨郡 湯前町
0%
845 熊本県 球磨郡 水上村
0%
846 熊本県 球磨郡 相良村
0%
848 熊本県 球磨郡 山江村
0%
853 大分県 速見郡 日出町
0%
857 宮崎県 西諸県郡 高原町
0%
858 宮崎県 東諸県郡 国富町
0%
863 宮崎県 児湯郡 木城町
0%
864 宮崎県 児湯郡 川南町
0%
866 宮崎県 東臼杵郡 門川町
0%
870 宮崎県 西臼杵郡 高千穂町
0%
878 鹿児島県 曽於郡 大崎町
0%
880 鹿児島県 肝属郡 錦江町
0%
893 鹿児島県 大島郡 伊仙町
0%
904 沖縄県 国頭郡 金武町
0%
911 沖縄県 中頭郡 西原町
0%
No matching quizzes found
Score Distribution
Percent of People with Each Score
Percentile by Number Answered
Your Score History
You have not taken this quiz since the last reset